France, Belgique ou Suisse - Statistiques

Statistiques générales
  • Ce quiz a été pris 560 fois
  • Le résultat moyen est 15 sur 23
Statistiques - réponses
Hint Réponse % Correct
Waterloo Belgique
87%
Colmar France
86%
Bâle Suisse
85%
Charleroi Belgique
83%
Gand Belgique
76%
Thionville France
76%
Lausanne Suisse
75%
Courtrai Belgique
72%
Vesoul France
72%
Lucerne Suisse
71%
Maubeuge France
70%
Louvain Belgique
69%
Douai France
69%
Sion Suisse
65%
Montreux Suisse
64%
Laon France
63%
Neuchatel Suisse
59%
Saint-Nicolas Belgique
58%
Saint-gall Suisse
58%
Sarreguemines France
55%
Thoune Suisse
52%
Hazebrouck France
35%
Bitche France
33%
Aucun quiz correspondant
Distribution des résultats
% des personnes avec chaque résultat
Percentile par nombre de réponses
Votre historique - résultats
Vous n’avez pas pris ce quiz